Responses for Show #3600 - Friday, April 7, 2000

Mike Blumenfeld game 1.

Contestants

[<< previous game]

Elizabeth Borja, a history and biology major from Derwood, Maryland

Mike Blumenfeld, a network administrator from Minneapolis, Minnesota

Bill Frisch, a marketing coordinator from Baltimore, Maryland (whose 1-day cash winnings total $9,008)

[next game >>]

Jeopardy! Round responses

REPTILES
TO SIR WITH LOVE
U.S. GOVT. ALPHABET
LAWN CARE
ROCK MUSIC
LESSER-KNOWN BOWL GAMES
(Alex: These are imaginary games our writers would like to see.)
    $100 26
Rattlesnake

Elizabeth
    $100 11
(M: Who is James Bond?)

Sean Connery

BillMike
    $100 16
Internal Revenue Service

Mike
    $100 1
Rake

Bill
    $100 6
The Beatles

Bill
    $100 21
Ty-D-Bowl

Mike
    $200 27
Horns

Elizabeth
    $200 12
Sir Christopher Wren

Elizabeth
    $200 17
Environmental Protection Agency

Mike
    $200 2
(M: What are mushrooms?)

Mildew

Mike
Triple Stumper
    $200 7
Jerry Lee Lewis

Bill
    $200 22
Dust Bowl

Elizabeth
    $300 28
Lay eggs

Elizabeth
    $300 13
Sir Richard Attenborough

Mike
    $300 18
Food and Drug Administration

Bill
    $300 3
Molehills

Bill
    $300 8
Pat Benatar

Mike
    $300 23
Punch Bowl

Triple Stumper
    $400 29
(M: What are pythons?)
(E: What are constrictors?)

Boas

BillMikeElizabeth
    $400 14
Sir Isaac Newton

Mike
    $400 19
(E: What is Government Printing Offices?)

Government Printing Office

BillElizabeth
    $400 4
Sprinkler

Mike
    $400 9
Blondie

Elizabeth
    $400 24
(E: What is a Soup Bowl?)

Goldfish Bowl

BillElizabeth
    $500 30
Komodo dragon

Elizabeth
    $400 15
(M: Who is Byrd?)

Sir Edmund Hillary

Mike
    $500 20
National Transportation Safety Board

Bill
    $500 5
(B: What is sawgrass?)

Bermuda grass

Bill
Triple Stumper
    $500 10
"Dream Baby"

Triple Stumper
    $500 25
(less than a minute to go...)

Finger Bowl

Mike

Scores at the first commercial break (after clue 15):

Bill Mike Elizabeth
$300 $700 $600

Scores at the end of the Jeopardy! Round:

Bill Mike Elizabeth
$2,300 $1,200 $700

Double Jeopardy! Round responses

NEW ZEALAND
INDUSTRY
YOU BROKE MY RECORD!
DANTE & FRIENDS
STRAIGHT "F"s
I NEED A TUDOR
    $200 26
(E: What is a cockatoo?)

Kiwi

Elizabeth
Triple Stumper
    $200 21
Model T

Bill
    $200 16
Babe Ruth

Elizabeth
    $200 11
"Purgatorio"

Elizabeth
    $200 6
Frigidaire

Mike
    $200 1
Queen Elizabeth I

Mike
    $400 27
Maori

Triple Stumper
    $400 22
Margarine

Mike
    $400 17
Wilt Chamberlain

Mike
    $400 12
Flattery

Triple Stumper
    $400 7
George Ferris

Elizabeth
    $900 2
(M: What is Richard?)

Arthur

Mike
    $600 28
Royal New Zealand Air Force

Mike
    $600 23
Steel

Mike
    $1,500 18
Bill Shoemaker

Mike
    $600 13
Beatrice

Elizabeth
    $600 8
Fade in

Bill
    $600 3
(E: What is France?)

Scotland

MikeElizabeth
    $800 29
Heavenly Creatures

Triple Stumper
    $800 24
Petroleum

Triple Stumper
    $800 19
Gordie Howe

Mike
    $800 14
Mantua

Bill
    $800 9
Fungos

Bill
    $800 4
(E: Who is Henry VIII?)

Henry V

Elizabeth
Triple Stumper
    $1000 30
Wellington

Triple Stumper
    $1000 25
Looms

Triple Stumper
    $1000 20
Bob Beamon

Mike
    $1000 15
Charon

Triple Stumper
    $1000 10
Fenians

Triple Stumper
    $1000 5
Whitehall

Triple Stumper

Scores at the end of the Double Jeopardy! Round:

Bill Mike Elizabeth
$4,700 $6,600 $500

[wagering suggestions for these scores]

Final Jeopardy! Round responses

TRAVEL & TOURISM
(Alex: "If you build it, they will come")
ElizabethWhat is "Field of Dreams"
$499
BillWhat is Field of Dreams?
$808
MikeWhat is Field of Dreams?
$3,400
Field of Dreams

Final scores:

Bill Mike Elizabeth
$5,508 $10,000 $999
2nd place: Trip to Sonesta Beach Resort & Villas, Anguilla New champion: $10,000 3rd place: Fisher Home Theater System

Game dynamics:

Coryat scores:

Bill Mike Elizabeth
$4,700 $7,000 $500
14 R,
1 W
18 R
(including 1 DD),
5 W
(including 2 DDs)
11 R,
6 W

Combined Coryat: $12,200

[game] [game scores] [suggest correction]

Game tape date: 2000-02-01
The J! Archive is created by fans, for fans. Scraping, republication, monetization, and malicious use prohibited; this site may use cookies and collect identifying information. See terms. The Jeopardy! game show and all elements thereof, including but not limited to copyright and trademark thereto, are the property of Jeopardy Productions, Inc. and are protected under law. This website is not affiliated with, sponsored by, or operated by Jeopardy Productions, Inc. Join the discussion at JBoard.tv.